书目信息 |
| 题名: |
股市操练大全
|
|
| 作者: | 黎航 主编 | |
| 分册: | ||
| 出版信息: | 上海 生活·读书·新知三联书店上海分 1999 |
|
| 页数: | 386页 | |
| 开本: | 20cm | |
| 丛书名: | ||
| 单 册: | ||
| 中图分类: | F830.9 | |
| 科图分类: | ||
| 主题词: | 金融 , 银行 | |
| 电子资源: | ||
| ISBN: | 7-5426-1289-1 | |
| 000 | 00692nam0 2200217 450 | |
| 001 | 0735906219 | |
| 005 | 20070721091835.93 | |
| 010 | @a7-5426-1289-1@b精装@dCNY29.80 | |
| 100 | @a20070711d1999 km y0chiy0120 ea | |
| 101 | 0 | @achi |
| 102 | @aCN@b310000 | |
| 200 | 1 | @a股市操练大全@Agu shi cao lian da quan@eK线、技术图形识别和练习专辑@f黎航主编@Fli hang zhu bian |
| 210 | @a上海@c生活·读书·新知三联书店上海分@d1999 | |
| 215 | @a386页@d20cm | |
| 517 | 1 | @aK线、技术图形识别和练习专辑@AK xian、ji shu tu xing shi bie he lian xi zhuan ji |
| 606 | 0 | @a金融 |
| 606 | 0 | @a银行 |
| 690 | @aF830.9@v3 | |
| 701 | 0 | @a黎航@Ali hang@4主编 |
| 801 | 0 | @aCN@bPFT@c20070721 |
| 905 | @a10447@dF830.9@e102 | |
| 股市操练大全:K线、技术图形识别和练习专辑/黎航主编.-上海:生活·读书·新知三联书店上海分,1999 |
| 386页;20cm |
| ISBN 7-5426-1289-1(精装):CNY29.80 |
| ● |
| 相关链接 |
|
|
|
|
正题名:股市操练大全
索取号:F830.9/102
 
预约/预借
| 序号 | 登录号 | 条形码 | 馆藏地/架位号 | 状态 | 备注 |
| 1 | 0768050 | 207680507 | 第一样本阅览室/ [索取号:F830.9/102] | 在馆 |